| 000 | 00458nam a2200181Ia 4500 | ||
|---|---|---|---|
| 001 | 7493 | ||
| 003 | Ost | ||
| 005 | 20260507155011.0 | ||
| 008 | 251113s9999||||xx |||||||||||||| ||eng|| | ||
| 040 | _cnitttr | ||
| 041 | _aeng | ||
| 082 |
_a620.106 _bK727C |
||
| 100 | _aKnapp, Robert T. | ||
| 245 | 0 |
_aCavitation. / _cKnapp, Robert T., Daily, James W., Hammitt, Frederick G. |
|
| 700 | _a Daily, James W. | ||
| 700 | _a Hammitt, Frederick G. | ||
| 942 | _cBK | ||
| 999 |
_c7388 _d7388 |
||